[Event "NED-ch57"]
[Site "Leeuwarden"]
[Date "2002.06.23"]
[Round "4"]
[White "Van den Doel, Erik"]
[Black "Reinderman, Dimitri"]
[Result "0-1"]
[WhiteElo "2583"]
[BlackElo "2537"]
[Annotator "Rogozenco,D"]
[PlyCount "86"]
[EventDate "2002.06.20"]
[EventType "tourn"]
[EventRounds "9"]
[EventCountry "NED"]
[EventCategory "13"]
[SourceTitle "CBM 090"]
[Source "ChessBase"]
[SourceDate "2002.09.20"]
[SourceVersion "1"]
[SourceVersionDate "2002.09.20"]
[SourceQuality "1"]

1. e4 c5 2. Nf3 Nc6 3. d4 cxd4 4. Nxd4 g6 5. Nc3 Bg7 6. Be3 Nf6 7. Bc4 O-O 8.
Bb3 d6 9. f3 Bd7 10. h4 Qa5 11. Qd2 Rfc8 12. O-O-O Ne5 13. h5 Rxc3 {The best
move. Black won't have to worry about Nc3-d5 any longer.} (13... Nxh5 14. Nd5
$1 {leads to an unpleasant endgame for Black. Without queens White wouldn't
have to think about Black's counterplay on the queenside, while his own play
on the h-file will be very strong anyway.}) 14. bxc3 (14. Qxc3 Qxc3 15. bxc3
Nxh5 {leads to an unclear endgame. A pawn and better structure are usually
enough compensation for the exchange, but on the other hand White can continue
active play with} 16. g4 Nf6 17. g5 Nh5 18. Bd5 {In the following game Black
wasn't able to stop White's initiative:} Rb8 (18... Rc8 $5 {Better than the
game.} 19. Bxb7 Rxc3 $13) 19. Nf5 $1 gxf5 20. Rxh5 e6 21. Bb3 fxe4 22. f4 Nc6
23. Rxd6 Be8 24. Rd1 a5 25. a4 Bxc3 26. Rdh1 Ne7 27. Rxh7 Nf5 28. Bd2 Bg7 29.
Bxa5 Bxa4 30. Bc7 (30. Bxa4 Ra8) 30... Ra8 31. Be5 Bxe5 32. fxe5 Be8 (32... Ra6
33. g6 $1 fxg6 34. Rh8+ Kf7 35. R1h7+ Ng7 36. Bxa4 Rxa4 37. Rc8 $18) 33. Kb2 e3
34. g6 $18 Kf8 35. gxf7 Bxf7 36. Rh8+ Bg8 37. Bxe6 Ne7 38. Rg1 e2 39. Bxg8 e1=Q
40. Be6+ Ng8 41. Rhxg8+ Ke7 42. Rxe1 {1-0 Meszaros,T-Rajlich,V/Budapest 2001})
14... Nxh5 15. Bh6 Bxh6 16. Qxh6 {A line named sometimes as "Karpov Variation",
due to the game given below.} Nf6 {After this precise move Black's position is
more than okay. White doesn't have Rxh5 ideas and also the plan with g4-g5 is
too slow now. This means that White's attack is not dangerous, while the
situation on the queenside might easily become dangerous for White, due to his
broken pawn formation.} (16... Qxc3 17. Ne2 $1 Qc5 18. g4 Nf6 19. g5 Nh5 20.
Rxh5 $1 {A classical game on the theme "Killing the Dragon".} gxh5 21. Rh1 Qe3+
22. Kb1 Qxf3 23. Rxh5 e6 24. g6 Nxg6 25. Qxh7+ Kf8 26. Rf5 Qxb3+ 27. axb3 exf5
28. Nf4 Rd8 29. Qh6+ Ke8 30. Nxg6 fxg6 31. Qxg6+ Ke7 32. Qg5+ Ke8 33. exf5 Rc8
34. Qg8+ Ke7 35. Qg7+ Kd8 36. f6 {1-0 Karpov,A-Gik,E/Moscow 1968}) 17. Ne2 {
[%cal Ge2f4,Gf4d5]} (17. g4 $6 Qxc3 $1 {and comparing to Karpov-Gik, here
black queen is much more active on c3 than on c5. For instance 18 g5 is not
even possible.} 18. Kb1 (18. g5 $2 Qa1+ 19. Kd2 Qxd4+ 20. Ke2 Bb5+ $19) (18.
Ne2 $2 Qa1+ {18...Qc5 would lead to Karpov-Gik.} 19. Kd2 Nxf3+ 20. Ke3 Qxd1 21.
Rxd1 Nxg4+ $19) 18... Rc8 $15) (17. Kb1 Rc8 $36) 17... Bc6 $146 (17... Bb5 {
Black was doing fine after this move as well.} 18. Nf4 Bc4 19. Kb2 Rc8 20. Rc1
Rc6 21. g4 Nxf3 22. Bxc4 Rxc4 23. Nd5 Rxe4 24. Nxf6+ exf6 25. Qxh7+ Kf8 $15 {
0-1 Afek,Y-Ward,C/Oakham 2000.}) 18. Kb2 Qc5 19. Nf4 a5 20. Rd5 {This
speculative move only activates the opponent's queen.} (20. a4 Rc8 $1 {and
Black's chances seem preferable anyway.} (20... b5 21. Nd5 (21. Rd5 Qe3 22.
axb5 Bxd5 23. Nxd5 Qxh6 24. Rxh6 Nxd5 25. Bxd5 Rb8 $17) 21... Bxd5 22. Rxd5
Nc4+ 23. Bxc4 Qxc4 24. Rxb5 Qxa4 25. Rb6 Rc8 $13)) (20. Nd5 Bxd5 21. Rxd5 Qf2
$15) (20. a3 a4 (20... b5 $5) 21. Ba2 Ra6 (21... Qb5+ 22. Kc1 Qc5 $11) 22. Rd4
Rb6+ 23. Rb4 Rxb4+ 24. cxb4 (24. axb4 $2 a3+ $19) 24... Qd4+ 25. Kb1 Qc3 26. b5
Neg4 $1 {is a mess.}) 20... Qe3 {White's position looks critical.} (20... Bxd5
{Also possible, but the game continuation is stronger.} 21. Nxd5 Re8 22. Nxf6+
exf6 23. Qxh7+ Kf8) 21. Rd4 a4 22. Bd5 e6 (22... Nh5 23. Rxh5 (23. a3 Bxd5 24.
exd5 Rc8 $19) (23. g3 a3+ 24. Kb3 Bxd5+ 25. exd5 Rc8 $19) 23... gxh5 24. Qg5+
Ng6 $19) (22... a3+ 23. Kb3 $8 Nh5 $19) 23. Nxe6 (23. Qh4 a3+ 24. Kb3 Ra6 25.
Qxf6 Rb6+ 26. Rb4 Rxb4+ 27. Kxb4 Qc5+ 28. Kb3 Qb5+ 29. Kxa3 exd5 30. Qd8+ Be8
$19 {[%cal Ge5c4]}) 23... a3+ 24. Kb1 Qxh6 25. Rxh6 fxe6 26. Bxe6+ Kf8 $17 {-/+
} 27. Bb3 Ke7 28. Kc1 Ra5 29. Kd2 Rc5 30. Rb4 g5 31. Rd4 g4 32. f4 Ned7 33. Kd3
Bb5+ 34. c4 Bc6 {[%csl Rb3]} 35. Ke3 Ra5 36. c3 Ra8 37. Bc2 Re8 38. g3 Kf7 39.
f5 Kg7 40. Rh1 Nc5 41. Kf4 Bxe4 42. Bxe4 Ncxe4 43. Rb1 Nxc3 0-1

[Event "Hotel Agro GM"]
[Site "Budapest"]
[Date "1999.07.30"]
[Round "1"]
[White "Gross, David"]
[Black "Ovsejevitsch, Sergei"]
[Result "1/2-1/2"]
[WhiteElo "2465"]
[BlackElo "2515"]
[Annotator "Rogozenco,D"]
[PlyCount "71"]
[EventDate "1999.08.05"]
[EventType "tourn"]
[EventRounds "9"]
[EventCountry "HUN"]
[EventCategory "10"]
[SourceTitle "CBM 073"]
[Source "ChessBase"]
[SourceDate "1999.12.01"]
[SourceVersion "1"]
[SourceVersionDate "1999.12.01"]
[SourceQuality "1"]

1. e4 c5 2. Nf3 d6 3. d4 cxd4 4. Nxd4 Nf6 5. Nc3 g6 6. Be3 Bg7 7. f3 O-O 8. Qd2
Nc6 9. Bc4 Bd7 10. O-O-O {Recently Black has started again to face big
problems in the main line -10. ... Ne5 and 11. ...Rc8, especially in the
ultra-modern 12.Kb1 variation. That's why many Dragon-players return to other
lines.} Qa5 11. Bb3 Rfc8 12. Kb1 (12. h4 {is consederd the main move here.})
12... Ne5 13. h4 b5 14. h5 (14. Ncxb5 Qxd2 15. Rxd2 Rab8 16. Nc3 a5 $1 $44 17.
a4 Nc4 18. Bxc4 Rxc4 19. Ncb5 Bxb5 20. Nxb5 Rxa4 21. Rd4 Rb4 22. Rxb4 axb4 23.
Nd4 Rc8 24. Ne2 d5 25. e5 Nd7 26. f4 e6 27. Nc1 Rc4 28. Nd3 Bf8 29. b3 Re4 30.
Re1 Bc5 {1/2-1/2 Dochev,D-Ovsejevitsch,S/Pardubice 1998}) 14... Nc4 15. Bxc4
bxc4 16. Bh6 (16. hxg6 fxg6 17. Ka1 Rab8 18. g4 $13 Qb4 19. Rb1 Rc5 $2 20. g5
Nh5 21. Nf5 gxf5 22. Bxc5 Qxc5 23. Rxh5 fxe4 24. fxe4 Bc6 25. Rhh1 Qa5 26. Qh2
h6 27. gxh6 Be5 28. Qh3 Rxb2 29. h7+ {1-0 Kulaots,K-Bisby,D/Witley 1998}) 16...
Bxh6 17. Qxh6 Rab8 18. Nd5 Nxd5 19. exd5 Qa3 20. Nb3 cxb3 21. bxa3 bxc2+ 22.
Ka1 cxd1=Q+ 23. Rxd1 Bf5 24. g4 Bc2 {This all happened before. In the
resulting position it seems that neither side can make real improvements
without major riscs. White cannot achieve any progress because of his bad King
on a1. Black has more options, but the most attractive aim - to exchange all
the pieces on b1 looks impossible if White plays carefully.} (24... Rc2 25. Rb1
$1 Rxa2+ (25... Rxb1+ 26. Kxb1 Bd3 (26... Rg2+ 27. gxf5 g5 28. f6 $18) 27. Qe3
$18) 26. Kxa2 Bxb1+ 27. Ka1 $16 {Tolnai T.}) 25. Rc1 (25. hxg6 $2 Bxg6 26. f4
Be4 27. f5 Rc7 28. Qg5+ Kf8 29. Qe3 Bc2 30. Qh6+ Ke8 31. Qxh7 Rcb7 32. Qh8+ Kd7
33. Qh1 Bxd1 34. Qxd1 f6 35. a4 a5 36. Qe1 Rb1+ 37. Qxb1 Rxb1+ 38. Kxb1 Kc7 {
0-1 Janosevic,D-Velimirovic,D/Jugoslavija (ch) 1972}) 25... Rc7 $146 {In fact,
this novelty was recommended by Jovicic in Chess Informant 50.} (25... Rc5 26.
Qd2 Bd3 27. Rh1 Rxd5 (27... Bc2 28. a4 a5 $6 29. Qe3 $16 Kf8 (29... Rc7 $5 {
Jovicic,M}) 30. Qh6+ Kg8 31. f4 gxh5 32. gxh5 Kh8 33. Qg5 $16 {1-0 Tolnai,
T-Jovicic,M/Leibnitz 1990 (43)}) 28. hxg6 fxg6 29. Qe3 (29. a4 Rd4 $1 (29... g5
30. Qe3 Kf7 31. Qxa7 $16 {Tolnai T.}) 30. Qc3 (30. a3 e5) (30. Qh6 Rdb4 31.
Qxh7+ Kf8 32. a3 Rb3 $19) (30. Qa5 $5) 30... e5 31. Qc7 (31. a3 Bc4 32. Rb1 Rc8
$1 $15) 31... Rdb4 32. a3 Rb3 33. Qxd6 Bc4 {/\Bf7 and only Black can try to
play for a win.}) (29. Qh6 $4 Rdb5 $19) 29... Kf8 (29... e5 30. Qxa7 Rdb5 31.
Qxh7+ Kf8 32. Qh6+ Kf7 33. Qc1 g5 34. a4 Rb1+ (34... Rb4 $2 35. Qc7+ {/\36.
a3+-.}) 35. Qxb1 Rxb1+ 36. Rxb1 Bxb1 37. Kxb1 Ke6 38. Kc2 Kd7 39. Kc3 d5 40.
Kb4 Kc6 41. a3 Kb6 42. a5+ Ka6 43. Kc5 d4 44. Kb4 $11) 30. a4 $1 {controlling
b5 square} (30. Qh6+ $2 Ke8 $17 31. Qxh7 $2 Rdb5 $19) 30... Rb7 31. Qh6+ Ke8
32. Qxh7 Kd7 $13 {There is a lot of play in this complicated position, but it
remains close to equal anyway.}) 26. Qd2 {White has to be carefull. Black
wanted to double his Rooks on b-line.} (26. a4 $2 Bd3 27. Rd1 Rcb7 28. a3 Rb3
29. Qc1 Rb1+ 30. Qxb1 Rxb1+ 31. Rxb1 Bxb1 32. Kxb1 $19) 26... Bd3 27. Rh1 Bc2
28. Rc1 Bd3 29. Rh1 Bc2 30. a4 f6 31. Rc1 (31. hxg6 Bxg6 (31... hxg6 $4 32. Qh6
$18) 32. Re1 (32. f4 Be4 33. Re1 Rc4 $15) 32... Rcb7 $5 33. a3 Rb3 34. Re3 (34.
Ka2 Bb1+ $17) 34... Rb1+ 35. Ka2 Rf1 36. Rb3 Rxb3 37. Kxb3 Rxf3+ 38. Kb4 Rd3
39. Qf2 {with an unclear position, in which any result is possible, although I
think White's chances are preferable.} a6 40. Qa7 Kf7 41. Qxa6 Rd4+ 42. Kc3
Rxg4 43. a5 $13) 31... Bd3 32. Rh1 Bc2 33. a5 (33. a3 $6 Rb3 34. Rc1 (34. Ka2
Rcc3 $17) 34... Rxa3+ 35. Kb2 Rb3+ 36. Ka2 Rbc3 37. hxg6 hxg6 38. Rh1 g5 39.
Qh2 Bb3+ 40. Kb2 Bxd5 41. Qh7+ Kf8 42. Qh8+ Kf7 43. Rh7+ (43. Qh7+ Ke8 44. Qg6+
Kd7 45. Qf5+ Be6 46. Qb5+ R3c6 47. a5 a6 48. Qa4 Rb7+ $19) 43... Ke6 44. Qg8+
Ke5 $19) 33... g5 {Now it seems that Black is out of danger and could have
tried to atack White's pawns without risking anything. However, he still has
weaknesses on a7, e7 and h7.} 34. Rc1 Bd3 35. Rh1 Bc2 (35... Bc4 $6 36. Rc1 Rc5
37. Qe3 Rb7 38. a6 Rbc7 39. Qe4 {doesn't look good for Black.}) 36. Rc1 1/2-1/2

[Event "Chigorin Memorial 07th"]
[Site "St Petersburg"]
[Date "1999.11.02"]
[Round "1"]
[White "Loginov, Anton"]
[Black "Motylev, Alexander"]
[Result "0-1"]
[WhiteElo "2348"]
[BlackElo "2532"]
[Annotator "Rogozenco,D"]
[PlyCount "52"]
[EventDate "1999.11.02"]
[EventType "swiss"]
[EventRounds "9"]
[EventCountry "RUS"]
[SourceTitle "CBM 074"]
[Source "ChessBase"]
[SourceDate "2000.02.01"]
[SourceVersion "1"]
[SourceVersionDate "2000.02.01"]
[SourceQuality "1"]

1. e4 {Schulz,A} c5 2. Nf3 d6 3. d4 cxd4 4. Nxd4 Nf6 5. Nc3 g6 6. Be3 Bg7 7. f3
O-O 8. Qd2 Nc6 9. Bc4 Bd7 10. O-O-O Qa5 11. g4 Rfc8 12. Bb3 Ne5 13. h4 Nc4 ({
Alternativen sind} 13... b5 {Schulz,A} 14. h5 Nc4 15. Bxc4 bxc4 {usw.}) ({und} 
13... Rc4 {Schulz,A}) 14. Qe1 {'?!' Schulz,A. It is hard to believe that White
can develop a dangerous attack by exchanging the Bishop on e3 for the Knight.
However, this plan was met before (with the exception that White placed the
Queen on other squares than e1) and White achieved good practical results.} (
14. Qd3 {Schulz,A} Nxe3 15. Qxe3 {führt zur gleichen Stellung wie in der
Partie.}) 14... Nxe3 15. Qxe3 {Schulz,A: 'Nach dem Tausch des Le3 ist der
weiße Standardangriffsplan - Tausch des Lg7 und Angriff auf der h-Linie -
nicht mehr möglich.'} Rc5 {Together with pushing the b-pawn, to double Rooks
on the c-file looks very logical.} (15... b5 {this also looks good for Black.}
16. h5 b4 17. Nd5 Kf8 $1 18. hxg6 hxg6 19. Rh2 e6 20. Nxf6 Bxf6 21. Qf4 Bg5 22.
Rh8+ Kg7 23. Nf5+ Qxf5 24. gxf5 Bxf4+ 25. Kb1 Rxh8 {0-1 Stojanovic,N-Dagfinn,S/
Canaries olJ-U16 1995/EXT 97 (25)}) (15... Qc5 16. h5 e5 17. hxg6 hxg6 18. Nf5
gxf5 19. Qg5 Qf2 20. Rh6 Nxg4 21. Bxf7+ Kxf7 22. Qg6+ Kf8 23. Rh7 Bh6+ 24. Kb1
Be8 25. Rh8+ Ke7 26. Qh7+ Bf7 27. Nd5+ Kd7 28. Qxf7+ Kc6 29. Ne7+ Kb6 30. Rxc8
Qxf3 31. Rxd6+ Ka5 32. Qd5+ b5 33. Nc6+ {1-0 Barczay,L-Kavalek,L/Salgotarjan
1967/EXT 99 (33)}) 16. h5 Rac8 17. hxg6 hxg6 18. Nf5 $4 {'?' Schulz,A. This is
a bit premature. If something like this would be possible, nobody would play
Dragon as Black. Schulz,A: 'Das Figurenopfer bringt nichts, weil Schwarz
schneller ist.'} (18. Rd3 e6 19. Rg1 b5 20. Nce2 Qc7 21. Kb1 e5 $2 (21... a5
$13) 22. Nf5 gxf5 23. gxf5 Kf8 $2 24. Rxg7 Kxg7 25. Qg5+ Kf8 26. Qxf6 d5 27.
exd5 Rxc2 28. Qh8+ Ke7 29. d6+ Qxd6 30. Qh4+ Qf6 31. Rxd7+ Kxd7 32. Qxf6 {
1-0 Huba,M-Palka,M/Tatranska Lomnica SVK 1999 (32)}) (18. Kb1 $11) (18. g5 $5 {
Schulz,A} Rxg5 $140 $2 (18... Nh5 19. Nd5) 19. Nf5) (18. Nde2 {Schulz,A}) 18...
gxf5 19. gxf5 Rxc3 $1 {Of course! Black is much faster. Together with the
material advantage, this makes Black's position winning.} 20. bxc3 Rxc3 21. Qd2
(21. Qg5 Qa3+ 22. Kd2 (22. Kb1 Rxb3+ 23. cxb3 Nxe4 $19) 22... Rxf3 {'-+'
Schulz,A.} 23. Ke2 Rf2+ $1 $19) 21... Qa3+ 22. Kb1 Rxf3 $19 23. Rhg1 Ng4 {
'!' Schulz,A. Schulz,A: 'Hübsch.'} 24. f6 (24. c3 {Schulz,A} Rf2 25. Qc1 Qxc1+
26. Kxc1 Nf6 $19) 24... Bxf6 25. e5 Bxe5 26. c3 Bxc3 {Unfortunately there are
no pawns left to cover the diagonal...} 0-1

[Event "Chigorin Memorial 07th"]
[Site "St Petersburg"]
[Date "1999.11.06"]
[Round "5"]
[White "Solovjov, Sergey"]
[Black "Motylev, Alexander"]
[Result "0-1"]
[WhiteElo "2467"]
[BlackElo "2532"]
[Annotator "Rogozenco,D"]
[PlyCount "80"]
[EventDate "1999.11.02"]
[EventType "swiss"]
[EventRounds "9"]
[EventCountry "RUS"]
[SourceTitle "CBM 074"]
[Source "ChessBase"]
[SourceDate "2000.02.01"]
[SourceVersion "1"]
[SourceVersionDate "2000.02.01"]
[SourceQuality "1"]

1. e4 {Schulz,A} c5 2. Nf3 Nc6 3. d4 cxd4 4. Nxd4 g6 5. Nc3 Bg7 6. Be3 Nf6 7.
Bc4 O-O 8. Bb3 d6 9. f3 Bd7 10. Qd2 Qa5 11. O-O-O Rfc8 12. g4 Ne5 13. h4 Rc4 $5
{First met long time ago in the game Mnatsakanian-Veresov/USSR/1968, this
interesting idea wasn't really refuted. The present game shows once more the
Dragon's vitality.} 14. Bxc4 $6 {'?' Schulz,A. Schulz,A: 'Diese Qualität ist
vergiftet.'} (14. g5 {This is definitely the most crucial move.} Nh5 (14...
Rxd4 15. Bxd4 Nxf3 16. Qf2 Nxd4 17. Rxd4 Ng4 (17... Nh5 18. Qxf7+ Kh8 19. Rd3
Qe5 20. Rf1 Bc6 21. Rdf3 {1-0 Tseshkovsky,V-Yurtaev,L/Frunze 1983/MCD (21)})
18. Qxf7+ Kh8 19. Rd5 $18 (19. Rd3 $18)) 15. f4 (15. Nd5 Qxd2+ 16. Rxd2 e6 17.
Nf4 Rc7 18. Nxh5 gxh5 19. Rhd1 a5 20. a3 Rac8 {with complicated, probably
balanced position. Probably Black has good counterplay here.}) 15... Rxd4 (
15... Rxc3 16. fxe5 (16. Qxc3 Qxc3 17. bxc3 Ng4 18. Rhe1 Nxe3 19. Rxe3 Nxf4 20.
Rf1 Ne6 (20... e5 21. Ne2 Bb5 22. c4 $18) 21. Ref3 $16) (16. bxc3 Ng4 17. Rhe1
Rc8 $44) 16... Rc5 17. exd6 $16 (17. e6 Qxd2+ 18. Rxd2 Be8 $14)) (15... Nf3 16.
Nxf3 Rxc3 17. e5 Rxc2+ 18. Bxc2 Qxa2 19. Qd5 {'+-' Schulz,A. Schulz,A: '1-0
Klovans,J-Rausis,I/Riga 1986/EXT 99 (39)'} (19. Qb4 Bc6 20. Rhf1 Rc8 21. Rf2)
19... Qa1+ 20. Kd2 Qxb2 21. Rb1 Bc6 22. Qxc6 Qxb1 23. Rxb1 bxc6 24. Rb7 f6 25.
Rxe7 fxe5 26. fxe5 d5 27. Ba4 Rc8 28. Rxa7 Ng3 29. Nd4 Bxe5 30. Nxc6 Bd6 31.
Bd4 Nf5 32. Bf6 Rc7 33. Ra8+ Bf8 34. Bb3 Rd7 35. Ne5 Rd6 36. Kd3 h6 37. Ba2
hxg5 38. hxg5 Ng3 39. Be7 {1-0 Klovans,J-Rausis,I/Riga 1986/EXT 99 (39)}) 16.
Qxd4 (16. Bxd4 $2 Nf3 $17) 16... Ng4 17. e5 (17. Qd3 Bxc3 18. bxc3 Bb5 (18...
Rc8 $13) 19. c4 Qa3+ 20. Kd2 (20. Kb1 Nxe3 21. cxb5 Qc5 $13) 20... Bc6 {
and Black keeps his chances.}) 17... Ng3 (17... dxe5 18. Qc5 (18. Qd5 Qxd5 19.
Nxd5 Nxe3 20. Nxe7+ Kh8 21. Rxd7 $18) 18... Qxc5 19. Bxc5 Bc6 20. Rhg1 Nh2 21.
fxe5 e6 22. Rge1 Nf3 23. Re3 Nxe5 24. Ba4 $16) 18. Rhe1 Nf5 19. Qd5 Qxd5 20.
Nxd5 e6 {this seems to be the critical position of the whole line with 13. ...
Rc4} 21. Bg1 $1 (21. Nc7 Rc8 22. Bxa7 Rxc7 23. exd6 Rc8 $14) 21... exd5 22.
Bxd5 {and White has a strong pressure, which makes Black's position difficult.}
) 14... Nxc4 15. Qd3 (15. Qe2 $2 Qb4 16. Nb3 Nxb2 17. Kxb2 Nxe4 18. fxe4 Qxc3+
19. Kc1 Qb2+ 20. Kd2 Bc3+ 21. Kd3 Bb5#) 15... Qb4 {'!' Schulz,A. Schulz,A:
'Das folgende ist eine Idee von Grabarczyk, die zum ersten Mal 1996 von ihm
gespielt wurde.'} (15... b5 16. Kb1 $1 {Klovans-Golubev/Biel/1994}) 16. Nb3
Nxe4 $1 {Probably Black is already better here, at least from the practical
point of view. All this was played in the game Bobras-Grabarczyk B./POL-ch/
1996. Only the next move is a novelty. Schulz,A: 'Es sieht so aus, dass Weiß
danach in allen Varianten mehr oder weniger unter die Räder kommt.'} (16... Rc8
$2 {Burger-Picardi/Formia/1994}) 17. Nxe4 {This was recommended as the best
here, but Black has a strong initiative anyway. Maybe White's best chance is
to follow the recent game Tagnon-Rausis/Vlissingen/1997?} (17. Bd4 Bxd4 18.
Qxd4 Nxc3 19. Qxc3 Qxc3 20. bxc3 Ne5 (20... Bc6 $5 21. Nd4 Bd5 $15) 21. Rhe1 f6
22. f4 Nc6 23. g5 Kf7 $11 {0-1 Tagnon,N-Rausis,I/Vlissingen NED 1999 (59)}) ({
Oder} 17. fxe4 $2 {Schulz,A} Bxc3 18. Bd4 (18. Qxc3 Qxc3 19. bxc3 Nxe3 20. Rd3
Nxg4 $19 {Horvath,R-Toma,K/Litohoto 1999/CBM 72 ext/0-1 (53)}) 18... Bxd4 19.
Qxd4 Bxg4 20. Rde1 a5 21. Rhg1 h5 $17 {0-1 Bobras,P-Grabarczyk,B/Poland 1996/
CBM 53/(30)}) 17... Nxb2 18. Qd5 Nc4 (18... Qa3 {looks also very attractive.})
19. Rd3 $2 (19. Rde1 Rc8 (19... Bc6 20. Qg5 h6 21. Qxe7 (21. Qf4 Bb5 $1 $36)
21... Nxe3 (21... Qa3+ 22. Kd1 Re8 23. Qc7 {and it looks like White has good
chances to defend the position (the idea now is Be3-c1).} Nxe3+ 24. Rxe3 d5 25.
Ng5 $1 Rxe3 (25... hxg5 26. Rxe8+ Bxe8 27. Qb8 Qf8 28. hxg5 $18) 26. Qxf7+ Kh8
27. Qxg6 Kg8 (27... hxg5 28. Qf7 $1) 28. Nf7 $16) 22. Rxe3 Re8 23. Qc7 d5 24.
Qa5 Qe7 25. Qxa7 dxe4 26. fxe4 Qe5 $13) 20. Re2 (20. Bd2 Qa3+ 21. Kd1 Nb2+ (
21... Qxa2 22. h5 Ne5 23. Nc3) 22. Ke2 Qa6+ 23. Kf2 Rxc2 24. Kg1 (24. Nc1 Bc6
25. Qg5 f6 26. Qe3 (26. Qf4 Rxc1 $19) 26... Nc4 27. Qd3 Bxe4 $19) 24... Nc4 25.
Rh2 Ne5 {with strong initiative.}) 20... Ba4 $5 {Black's attacking
possibilities look very good here.}) 19... Bc6 20. Qg5 Qa3+ 21. Kd1 Nb2+ 22.
Ke2 Nxd3 23. Kxd3 $2 {After this mistake White can hardly defend the position.
Things wouldn't have been so clear after 23.cxd3. Now the king is too exposed.}
(23. cxd3 Qxa2+ (23... d5 $13) 24. Ned2 Bf6 25. Qa5 Ba4 26. Qb4 $13) 23... d5
$19 {Schulz,A: 'Schwarze Läuferpaar, weißer König im Zentrum zur Jagd frei
gegeben und die weißen Figuren sind entweder Angriffsobjekte oder spielen
nicht mit.'} 24. Nec5 (24. Nf2 h6 25. Qf4 e5 26. Qg3 Qa6+ 27. Kd2 d4 $19) 24...
e5 (24... b6 $19) (24... h6 $19) (24... b6 $5 {[%csl Rc5] Schulz,A}) 25. h5 d4
26. Bd2 (26. Bc1 Qxa2 $19) 26... e4+ 27. Ke2 (27. fxe4 Bb5+ 28. c4 dxc3+ 29.
Ke3 cxd2 $19) (27. Nxe4 {Schulz,A} Qa6+ 28. c4 dxc3+ $19) 27... e3 $1 {Black
plays a very good game.} (27... exf3+ 28. Kf2 $17) 28. h6 (28. Bc1 Qxa2 $19)
28... Bh8 29. Ba5 Qxa2 30. Rc1 b6 {The rest needs no comment.} 31. Qe7 bxc5 32.
Qxc5 Qa4 33. Kd3 Rc8 34. Qb4 Bb5+ 35. Ke4 Re8+ 36. Kf4 Be5+ 37. Kg5 Qxb4 38.
Bxb4 Bg3 39. Nxd4 f6+ 40. Kxf6 Be5+ 0-1